000 00951nam0a2200277 4500
001 RU\NLR\bibl\1928191
005 20250616202112.0
010 _a978-5-209-04476-5
_9100
021 _aRU
_b2012-48952
_93585
035 _a(NLR Aleph) 001917574
090 _a3261531
_c3261531
100 _a20120724d2012 |||y0rusy50 ca
101 0 _arus
102 _aRU
105 _ay |||||||||
200 1 _aУчебные материалы по русскому языку для студентов-геологов 1 курса
210 _aМосква
_cРУДН
_d2012
215 _d21
225 1 _aДля иностранных студентов
700 1 _aХворикова
_bЕ. Г.
_4070
701 1 _aХворикова
_bЕ. Н.
_4070
801 0 _aRU
_bNLR
_c20120724
_gRCR
801 1 _aRU
_bNLR
_c20120724
942 _cBOOK
980 _aNB